Moderní postupy v sexuologii

Podrobná bibliografia
Ďalší autori: Fiala, Luděk, 1956- (Editor), Zvěřina, Jaroslav, 1942- (Editor)
Médium: Kniha
Jazyk:čeština
Fyzický popis:215 strán ilustrácie (prevažne farebné) 24 cm
Vydavateľské údaje: Praha Mladá fronta 2019
ISBN:9788020455130
Vydanie:První vydání
Edícia:Edice postgraduální medicíny
Predmet:

MARC

LEADER 00000cam a2200000 4500
001 vtls011912845
003 SK-MaSNL
005 20260301225249.0
008 200123s2019 xr oa fr 001 0dcze
020 |a 9788020455130  |q (viazané) 
040 |a SNK  |b slo  |c SNK  |e rda 
041 0 |a cze  |b cze  |b eng 
044 |a xr  |c CZ 
072 7 |a 613  |x Hygiena. Ľudské zdravie  |2 konspekt 
080 |a 613.88  |2 2011 
080 |a 616-07  |2 2011 
080 |a 616-08  |2 2011 
080 |a (048.8:082)  |2 2011 
245 0 0 |a Moderní postupy v sexuologii  |c Luděk Fiala, Jaroslav Zvěřina (eds.) 
250 |a První vydání 
264 1 |a Praha  |b Mladá fronta  |c 2019 
300 |a 215 strán  |b ilustrácie (prevažne farebné)  |c 24 cm 
336 |a text  |b txt  |2 rdacontent 
337 |a bez média  |b n  |2 rdamedia 
338 |a zväzok  |b nc  |2 rdacarrier 
490 1 |a Edice postgraduální medicíny 
500 |a Obsahuje zoznam skratiek a medailónky autorov 
504 |a Bibliografia za jednotlivými príspevkami ; register 
546 |a České a anglické resumé 
650 0 7 |a sexuológia  |2 SNKPH  |9 21878 
650 0 7 |a diagnostické metódy  |2 SNKPH  |9 71493 
650 0 7 |a terapeutické metódy  |2 SNKPH  |9 68001 
650 0 7 |a Sexology  |2 SNKPHeng  |9 332668 
650 0 7 |a Diagnostic methods  |2 SNKPHeng  |9 266259 
650 0 7 |a Therapeutic methods  |2 SNKPHeng  |9 313600 
655 7 |a kolektívne monografie  |2 SNKPH  |9 249850 
655 7 |a Collective monographs  |2 SNKPHeng  |9 125747 
700 1 |a Fiala, Luděk,  |d 1956-  |4 edt  |9 499224 
700 1 |a Zvěřina, Jaroslav,  |d 1942-  |4 edt  |9 154585 
830 0 |a Edice postgraduální medicíny  |9 352802 
919 |a 978-80-204-5513-0 
958 |a CZ 
958 |a NB 
958 |a MI 
999 |c 950267  |d 952197 
952 |t snkFIA 613(048.8)  |a SNKUST  |b SNKUST  |y PREZ  |7 0  |p 17A1450332  |o snkIC 147096  |i snk2021/1539  |8 4  |g 20.70  |0 0  |1 0  |4 0  |d 2020-09-07  |l 0  |r 2025-04-29 00:00:00  |w 2026-02-24